|
|
|
|
| LEADER |
00000nab a2200000 a 4500 |
| 001 |
vtls008182595 |
| 003 |
SK-MaSNL |
| 005 |
20260426102215.0 |
| 008 |
050706c20050624xo wr|p|||||||000 b|slo |
| 015 |
|
|
|a SNBRB2005/07
|2 snkbucl
|
| 038 |
|
|
|a SNKBUCL
|
| 040 |
|
|
|a SNKBUCL
|b slo
|c SNKBUCL
|e AACR2
|
| 041 |
0 |
|
|a slo
|
| 044 |
|
|
|a xo
|c SK
|
| 080 |
|
|
|a 630*4
|x (437.6)
|2 UDC-MRF-SK2
|
| 080 |
|
|
|a 630*2
|x (437.6)
|2 UDC-MRF-SK2
|
| 080 |
|
|
|a 502.4
|x (437.6)
|2 UDC-MRF-SK2
|
| 245 |
0 |
0 |
|a Zastavte hanobenie práce tatranských lesníkov!
|c Mikuláš Michelčík ... [et al.]
|
| 650 |
0 |
7 |
|a lesné kalamity
|2 snkbucl
|9 29329
|
| 650 |
0 |
7 |
|a obnova lesa
|2 snkbucl
|9 100062
|
| 650 |
0 |
7 |
|a lesníctvo
|2 snkbucl
|9 1255
|
| 650 |
0 |
7 |
|a ochrana prírody
|2 snkbucl
|9 3778
|
| 651 |
|
7 |
|a Tatranský národný park (Slovensko)
|2 snkbucl
|9 106968
|
| 700 |
1 |
|
|a Michelčík, Mikuláš,
|d 1942-
|4 aut
|9 118914
|
| 700 |
1 |
|
|a Šaling, Peter
|4 aut
|9 75588
|
| 700 |
1 |
|
|a Rusnák, Marián
|4 aut
|9 572636
|
| 700 |
1 |
|
|a Štupáková, Viera
|4 aut
|9 566459
|
| 700 |
1 |
|
|a Kravčík, Michal
|4 aut
|9 303636
|
| 700 |
1 |
|
|a Košecký, Igor
|4 aut
|9 482138
|
| 773 |
0 |
|
|t Sme. Roľnícke noviny
|g Č. 146 (24.6.2005)
|x 1335-440X
|
| 773 |
0 |
8 |
|i Príl.:
|t Roľnícke noviny
|g Č. 26 (24.6.2005), s. 7
|
| 852 |
|
|
|a SNK
|b KIS3GCP
|
| 999 |
|
|
|c 3252397
|d 3254327
|